000 01071nam a2200289 i 4500
003 OSt
005 20260618145439.0
008 260618s2025 my ab gr 000 0 may d
020 _a9786299546306
_cRM45.00
_qpaperback
040 _aPPAK
_beng
_cPPAK
_erda
082 0 4 _223
_a297.5699
090 0 0 _a297.5699
_bMOH
_dG
100 0 _aMohd Adlin Salleh,
_eauthor
_eeditor.
245 1 0 _aPayahkah IKHLAS? :
_bJOM ULANGKAJI... /
_cMOHD ADLIN SALLEH ; Editor & Penyelaras: Mohd Adlin Salleh
264 1 _aKuala Selangor, Selangor :
_bMohd Adlin Salleh,
_c2025
300 _axii, 388 pages :
_bcolour illustrations, colour maps ;
_c23 cm
336 _atext
_2rdacontent
337 _aunmediated
_2rdamedia
338 _avolume
_2rdacarrier
500 _aContains verses from the Qur'an and quotes from the Hadith.
504 _aBibliography: pages 377-386.
650 1 0 _aSincerity
_xReligious aspects
_xIslam
650 2 0 _aIslamic ethics
650 2 0 _aIslam
_xCustoms and practices
650 2 0 _aReligious life
_xIslam
942 _2ddc
_cB
999 _c204657
_d204657